| 000 | 02236nam0a2200397 4500 | ||
|---|---|---|---|
| 001 | RU\NLR\bibl\977138 | ||
| 005 | 20260405105102.0 | ||
| 010 |
_a5-903053-23-8 _9500 |
||
| 021 |
_aRU _b2006-38195 _91920 |
||
| 035 | _a(nilc)RSL-KNO-002904328 | ||
| 035 | _a(NLR Aleph) 000965058 | ||
| 090 |
_a363717 _c363717 |
||
| 100 | _a20060622d2005 |||y0rusy50 ca | ||
| 101 | 0 | _arus | |
| 102 | _aRU | ||
| 105 | _aa ||||||||| | ||
| 106 | _ar | ||
| 200 | 1 |
_aОсновы управления телекомпанией _fА. Д. Евменов, А. Ю. Смирнов _gФедеральное агентство по культуре и кинематографии Российской Федерации, Федеральное государственное учреждение высшего профессионального образования "Санкт-Петербургский государственный ун-т кино и телевидения", Ин-т экономики и упр. |
|
| 210 |
_aСанкт-Петербург _cДиалог _d2005 _eСПб. _gТип. Лесник-Принт |
||
| 215 |
_a118 с. _cил. _d21 |
||
| 320 | _aБиблиогр.: с. 110-117 (110 назв.) | ||
| 606 | 1 |
_aТелевидение _xУправление _yРоссийская Федерация _92438450 _3RU\NLR\auth\661450834 |
|
| 610 | 0 | _aКультура. Наука. Просвещение -- Радиовещание. Телевидение -- Телевидение -- Российская Федерация -- Организационная структура телевидения -- Управление и руководство | |
| 610 | 0 | _aтелекомпания | |
| 686 |
_aЧ632.4(2Р)7к,0 _2rubbk |
||
| 686 | _aЧ632.4(2Р)к | ||
| 700 | 1 |
_aЕвменов _bА. Д. _gАлександр Дмитриевич _4070 |
|
| 701 | 1 |
_4070 _7ca _8rus _aСмирнов _bА. Ю. _cд-р экон. наук, судостроение _gАлексей Юрьевич _923396 _3RU\NLR\AUTH\7740444 |
|
| 801 | 0 |
_aRU _bРКП _c20060622 _grcr |
|
| 801 | 1 |
_aRU _bРГБ _c20060622 |
|
| 801 | 2 |
_aRU _bNLR _c20060822 _grcr |
|
| 830 | _aавт. по кн. | ||
| 942 | _cBOOK | ||
| 980 | _aNB | ||